• 首页
  • 本馆介绍
  • 公告通知
  • 最新文献
  • 馆藏检索
  • 电子资源
  • 读者导购
  • 参考咨询
  • 我的图书馆
  • 登录
  • 详细信息显示
  • 放入我的书架
  • 预约/预借图书
  • 作者相关作品
  • 分类相关作品
  • 丛书相关作品
  • 出版社相关作品

书目信息

  • 表格格式
  • 工作单格式
  • 卡片格式
题名:
中国传统音乐的文化体系构成及发展探究
    
 
作者: 楚悦 著
分册:  
出版信息: 北京   中国书籍出版社  2021.1
页数: 180页
开本: 24cm
丛书名: 高校学术研究论著丛刊
单 册:
中图分类: J605.2
科图分类:
主题词: 传统音乐--音乐文化--研究--中国
电子资源:
ISBN: 978-7-5068-7521-9
000 01177nam2 2200277 45
001 012001001124
005 20130910151118.0
010    @a978-7-5068-7521-9@dCNY60.00
100    @a20210315d2021 em y0chiy0110 ea
101 0  @achi
102    @aCN@b110000
105    @aag az 000yy
106    @ar
200 1  @a中国传统音乐的文化体系构成及发展探究@Azhong guo chuan tong yin le de wen hua ti xi gou cheng ji fa zhan tan jiu@f楚悦著
210    @a北京@c中国书籍出版社@d2021.1
215    @a180页@c图, 乐谱@d24cm
225 2  @a高校学术研究论著丛刊@i艺术体育
320    @a有书目 (第178-180页)
330    @a本书以中国传统音乐为主要研究对象, 对中国传统音乐的文化体系构成及发展探究进行细致的研究与分析, 针对中国传统音乐中的民族民间音乐体系、文人音乐体系、宫廷音乐体系以及宗教音乐体系四个主要方面来诠释中国传统音乐。本书思路清晰、内容详细, 理论阐述深入浅出, 而且有大量的实例, 是一本较为全面, 有条理、有重点的中国传统音乐理论著作。
461  0 @12001 @a高校学术研究论著丛刊
462  0 @12001 @a艺术体育
606 0  @a传统音乐@x音乐文化@x研究@y中国
690    @aJ605.2@v5
701  0 @a楚悦@Achu yue@4著
801    @aCN@b江苏凤凰@c20211018
905    @b1342291-4@dJ605.2@e1297@f4
    
    中国传统音乐的文化体系构成及发展探究/楚悦著.-北京:中国书籍出版社,2021.1
    180页:图, 乐谱;24cm.-(高校学术研究论著丛刊.艺术体育)
    
    
    ISBN 978-7-5068-7521-9:CNY60.00
    本书以中国传统音乐为主要研究对象, 对中国传统音乐的文化体系构成及发展探究进行细致的研究与分析, 针对中国传统音乐中的民族民间音乐体系、文人音乐体系、宫廷音乐体系以及宗教音乐体系四个主要方面来诠释中国传统音乐。本书思路清晰、内容详细, 理论阐述深入浅出, 而且有大量的实例, 是一本较为全面, 有条理、有重点的中国传统音乐理论著作。
●
相关链接 在E读中查询图书 在五车中查询图书 在当当中查询图书 在豆瓣中查询图书


正题名:中国传统音乐的文化体系构成及发展探究     索取号:J605.2/1297         预约/预借

序号 登录号 条形码 馆藏地/架位号 状态 备注
1 1342291   213422919   第一样本阅览室/ [索取号:J605.2/1297] 在馆    
2 1342292   213422928   第一借阅区/ [索取号:J605.2/1297] 在馆    
3 1342293   213422937   第一借阅区/ [索取号:J605.2/1297] 在馆    
4 1342294   213422946   第一借阅区/ [索取号:J605.2/1297] 在馆    
唐山师范学院图书馆 欢迎您!
大连网信软件有限公司© 版权所有